Management information system / (Record no. 131699)

MARC details
000 -LEADER
fixed length control field 00629nam a22002057a 4500
005 - DATE AND TIME OF LATEST TRANSACTION
control field 20170124110137.0
010 ## - LIBRARY OF CONGRESS CONTROL NUMBER
LC control number A-895456
020 ## - INTERNATIONAL STANDARD BOOK NUMBER
Terms of availability 00.00
International Standard Book Number 8170249562
035 ## - SYSTEM CONTROL NUMBER
System control number A-895456
037 ## - SOURCE OF ACQUISITION
Source of stock number/acquisition Cen Lib/Ret
082 ## - DEWEY DECIMAL CLASSIFICATION NUMBER
Classification number 658.4038011
Item number NAR
100 ## - MAIN ENTRY--PERSONAL NAME
Personal name Narayan, B.
9 (RLIN) 32511
245 ## - TITLE STATEMENT
Title Management information system /
Statement of responsibility, etc by B. Narayan
260 ## - PUBLICATION, DISTRIBUTION, ETC. (IMPRINT)
Place of publication, distribution, etc New Delhi
Name of publisher, distributor, etc A.P.H. publishing house
Date of publication, distribution, etc 1998
270 ## - ADDRESS
City New Delhi
Address 5, Anasri road
Postal code 110002
300 ## - PHYSICAL DESCRIPTION
Extent vi,246p.
Dimensions 22cm(Hb)
650 ## - SUBJECT ADDED ENTRY--TOPICAL TERM
Topical term or geographic name as entry element Management information system
9 (RLIN) 9536
650 ## - SUBJECT ADDED ENTRY--TOPICAL TERM
Topical term or geographic name as entry element Office automation
9 (RLIN) 32512
942 ## - ADDED ENTRY ELEMENTS (KOHA)
Source of classification or shelving scheme Dewey Decimal Classification
Koha item type English Books
Classification part 658.4038011
Call number suffix NAR
Holdings
Withdrawn status Lost status Damaged status Not for loan Home library Current library Date acquired Source of acquisition Cost, normal purchase price Total Checkouts Full call number Barcode Date last seen Copy number Cost, replacement price Price effective from Koha item type Public note
Written off       Central Library Central Library 15/07/2015 Cen Lib/Ret 0.00   658.4038011 NAR A-895456 15/07/2015 1 0.00 15/07/2015 English Books Written off on approval by DLB (By Circulation); dtd 15-06-2023

© Delhi Public Library
Hit Counter
free hit counter